Profs dans Les Profs - Statistiques

Statistiques générales
  • Ce quiz a été pris 17 fois
  • Le résultat moyen est 4 sur 11
Statistiques - réponses
Matière enseignée Professeur % Correct
Histoire Antoine Polochon
100%
Français Amina Saint-Gilles
57%
Anglais Gladys
50%
??? Serge Tirocul
36%
Physique-chimie Albert
29%
Philosophie Maurice
29%
Espagnol Dolorès
21%
EPS Eric
21%
Allemand Marie
21%
Français Louis Guillemet
7%
Géographie Paul
7%
Aucun quiz correspondant
Distribution des résultats
% des personnes avec chaque résultat
Percentile par nombre de réponses
Votre historique - résultats
Vous n’avez pas pris ce quiz